Przebieg Linii tramwajowej nr 12 Ulicami we Wrocławiu - Statystyki

Ogólne statystyki
  • Ten quiz został rozwiązany 5 razy
  • Średni wynik to 3 z 21
Statystyki odpowiedzi
Odpowiedź % Poprawnych
Legnicka
50%
Różyckiego
50%
Dokerska
25%
Kozanów Dokerska
25%
Kozanowska
25%
Mickiewicza
25%
Paderewskiego
25%
Pilczycka
25%
pl. Grunwaldzki
25%
Gwarecka
0%
Kaźmierza Wielkiego
0%
most Gunwaldzki
0%
Most Szczytnicki
0%
Oławska
0%
pl. Dominikański
0%
pl. Jana Pawła II
0%
pl. Społeczny
0%
Rondo Regana Peron II
0%
Ruska
0%
Sępolno
0%
Traugutta
0%
Nie znaleziono quizów pasujących do podanych kryteriów
Rozkład punktacji
Procent ludzi z każdym wynikiem
Percentyl według liczby udzielonych odpowiedzi
Twoja historia wyników
Nie rozwiązałeś tego quizu